Times por Escudo - Primeira División 2025 (Chile) - Statistics

Estatísticas Gerais
  • Esse quiz foi jogado 25 vezes
  • A pontuação média é 12 de 16
Estatísticas das Respostas
Imagem Resposta % Correto
Colo-Colo
100%
Palestino
100%
Universidad de Chile
100%
Universidad Católica
96%
Cobresal
92%
Huachipato
83%
Audax Italiano
75%
Everton
75%
Ñublense
75%
Unión Española
75%
Unión La Calera
67%
Coquimbo Unido
63%
Deportes Iquique
63%
O'Higgins
58%
Deportes La Serena
25%
Deportes Limache
25%
Nenhum quiz correspondente encontrado
Distribuição das Pontuações
Porcentagem de Pessoas com Cada Pontuação
Percentil de Números Respondidos
Sua Pontuação Histórica
Você não jogou esse quiz